| 000 | 01147nam a2200253 a 4500 | ||
|---|---|---|---|
| 008 | 120416s1972 ||||||||||||||||| || u | ||
| 020 | _a0444409297 | ||
| 050 | _aQD 81 Fei | ||
| 100 | _aFeigl, Fritz, 1891-1971 | ||
| 245 | 1 | 0 | _aSpot tests in inorganic analysis |
| 246 | _aQualitative Analyse mit Hilfe von Tèupfelreaktionen. English | ||
| 250 | _a6th English ed., rev. & enl. | ||
| 260 |
_aNew York _bElsevier Pub. Co _c1972 |
||
| 300 | _axxix, 669p. : ill. | ||
| 350 | _a0.00 | ||
| 500 | _aTranslation of the first part of a work originally published under title: Qualitative Analyse mit Hilfe von Tèupfelreaktionen. -Includes bibliographical references. | ||
| 650 | _aSpot tests (Chemistry) | ||
| 650 | _aCHEMISTRY, ANALYTIC--QUANTITATIVE | ||
| 650 | 0 | _aCHEMISTRY--HANDBOOKS, MANUALS, ETC | |
| 700 | _aAnger, Vinzenz | ||
| 856 | _uhttp://www.loc.gov/catdir/enhancements/fy0602/76135494-d.html | ||
| 856 | _uhttp://www.loc.gov/catdir/enhancements/fy0602/76135494-t.html | ||
| 995 |
_D0.00 _FCBU-MAIN LIBRARY (Kitwe) _H1 _I21.65 _M1 _UAVAILABLE _ZAnnex Low-Usage Collection |
||
| 999 |
_c58118 _d58118 |
||